Network Sales and Services Handbook /

Contenido: Fundamentos del trabajo con redes; Modelo de referencia OSI; Introducción a TCP/IP; Equipo de casa para los clientes; Redes de área local; Acceso local; DSL y redes de cable módem; Fundamentos de las redes de área extensa; Introducción al modo de transferencia asíncrona; Introducción al f...

पूर्ण विवरण

में बचाया:
ग्रंथसूची विवरण
मुख्य लेखक: Castelli, Matthew J. (autor)
स्वरूप: पुस्तक
भाषा:अंग्रेज़ी
प्रकाशित: Indianápolis, EUA : Cisco, 2003, c2003
श्रृंखला:(Cisco Press Networking Technology Series)
विषय:
टैग: टैग जोड़ें
कोई टैग नहीं, इस रिकॉर्ड को टैग करने वाले पहले व्यक्ति बनें!

MARC

LEADER 00000nam^a2200000^a^4500
001 000156260
005 20250521000000.0
009 20260310100457.683
020 |a 1-58705-090-0 
037 |a Acervo ITESO - Biblioteca 
041 |a ING 
082 |a 621. 38217  |b CAS 
100 |a Castelli, Matthew J.  |e (autor) 
245 1 0 |a Network Sales and Services Handbook /  |c M.J. Castelli. 
264 4 |a Indianápolis, EUA :  |b Cisco,  |c 2003, c2003 
300 |a XXIV, 435 p. 
336 |a texto  |b txt  |2 rdacontenido 
337 |a sin mediación  |b n  |2 rdamedio 
338 |a volumen  |b nc  |2 rdasoporte 
440 1 |a (Cisco Press Networking Technology Series) 
520 |a Contenido: Fundamentos del trabajo con redes; Modelo de referencia OSI; Introducción a TCP/IP; Equipo de casa para los clientes; Redes de área local; Acceso local; DSL y redes de cable módem; Fundamentos de las redes de área extensa; Introducción al modo de transferencia asíncrona; Introducción al frame relay; Para comprender los ruteadores y el enrutamiento; Introducción a las redes de área local virtual; Introducción a la calidad en el servicio; Introducción a la arquitectura de redes; Fundamentos de seguridad en redes; Redes privadas virtuales de acceso remoto; Redes de voz; Fundamentos de la administración de redes; Redes de alta disponibilidad; Internet; Introducción a MPLS; Introducción a la fibra óptica. 
649 |a XX 
650 |a Clientes 
650 |a Atención al Cliente 
650 |a Conocimiento -  |x Administración 
650 |a Calidad en el Servicio 
650 |a Teléfono 
650 |a Fibra Optica 
650 |a Cable Módems 
650 |a Sistemas de Información 
650 |a Sistemas de Acceso Remoto 
650 |a Transmisión de Datos 
650 |a Sistemas de Telecomunicación 
650 |a Sistemas Computacionales 
650 |a Transmisión de Voz 
650 |a ATM (Modo de Transferencia Asíncrona) 
650 |a Señales y Transmisión de Señales 
650 |a Protocolos de Comunicación 
650 |a Frame Relay 
650 |a Ruteadores 
650 |a Internet 
650 |a Redes Privadas Virtuales 
650 |a Redes de Area Local 
650 |a Redes de Area Extensa 
650 |a Redes de Computadoras -  |x Diseño y Construcción 
650 |a Redes de Computadoras -  |x Seguridad 
650 |a Redes de Computadoras -  |x Administración 
650 |a Sistemas de Telecomunicación 
650 |a Comunicación en Red 
650 |a Comunicación Optica 
650 |a Telecomunicaciones 
650 |a Comunicaciones y Tránsito 
650 |a Ingeniería Computacional 
650 |a Ingeniería Electrónica 
910 |a Fondo General 
920 |a Impresos - Libros 
930 |a Colección General 
905 |a 101 
901 |a 0500084620  |b IT1  |c ACC  |u 20250521 
902 |a https://opac.biblio.iteso.mx/vufind/Record/000156260